All US States Liberal to Conservative - Statistics

General Stats
  • This quiz has been taken 31 times
  • The average score is 37 of 50
Answer Stats
Hint Answer % Correct
61.87% D Massachusetts
96%
60.98% D California
92%
64.27% D Hawaii
92%
62.57% D Maryland
88%
61.58% D Vermont
88%
50.90% R Arizona
79%
51.01% R Georgia
79%
51.54% R Iowa
79%
50.10% D Michigan
79%
56.45% R Missouri
79%
59.78% D New York
79%
51.53% R Ohio
79%
56.24% R South Carolina
79%
51.71% D Virginia
79%
49.37% D Wisconsin
79%
53.36% R Alaska
75%
57.07% D Connecticut
75%
51.37% R Florida
75%
56.34% D Illinois
75%
56.67% R Indiana
75%
50.60% D Minnesota
75%
51.85% D New Mexico
75%
50.00% R North Carolina
75%
54.21% D Oregon
75%
59.23% D Rhode Island
75%
54.40% R Texas
75%
55.98% D Washington
75%
70.03% R Wyoming
75%
62.31% R Alabama
71%
52.30% D Colorado
71%
63.52% R Idaho
71%
57.41% R Kansas
71%
58.64% R Louisiana
71%
57.93% R Mississippi
71%
59.02% R Nebraska
71%
50.87% D New Hampshire
71%
56.65% D New Jersey
71%
65.91% R Oklahoma
71%
49.31% D Pennsylvania
71%
61.20% R South Dakota
71%
61.38% R Tennessee
71%
59.13% R Utah
71%
67.38% R West Virginia
71%
56.73% D Delaware
67%
62.39% R Kentucky
67%
52.40% D Maine
67%
56.71% R Montana
67%
49.46% D Nevada
67%
63.10% R North Dakota
67%
61.94% R Arkansas
63%
No matching quizzes found
Score Distribution
Percent of People with Each Score
Percentile by Number Answered
Your Score History
You have not taken this quiz